000 00452nam a22001457a 4500
005 20251108175510.0
008 250721s1994 xx 000 0 ara d
082 1 4 _a200/قيس
100 1 _aقبيسي, psk
_eمترجم
245 1 0 _aالحنين الى الاصول /
246 1 1 _aLa nostalgie des origines
264 1 _aبيروت :
_bدار قابس للطباعة والنشر و التوزيع،
_c1994.
942 _2ddc
_cBK
999 _c135555
_d135555